000 00271nam a2200109Ia 4500
008 220204s9999 xx 000 0 und d
082 _a53(038)
_bDAI
245 0 _aDictionary of physical sciences
260 _aUK
_bMacmillan
_c1976
700 _aDaintith, John
942 _cBK
999 _c26824
_d26824